| 000 | 00533nam a2200193Ia 4500 | ||
|---|---|---|---|
| 005 | 20260531145103.0 | ||
| 008 | 260531s9999 xx 000 0 und d | ||
| 020 | _a9780073523262 | ||
| 041 | _aEnglish | ||
| 082 | _a681.3.23 FOR | ||
| 100 | _aForouzan (Behrouz A) | ||
| 245 | 0 |
_aComputer Networks _bA Top-Down Approach |
|
| 260 |
_bMcgraw Hill Connect Learn Succeed _aNew york _c2012 |
||
| 300 |
_bPaper Back _a931+23 |
||
| 563 | _aPaper Back | ||
| 650 | _a Computer Networks | ||
| 700 | _aMosharraf (Firouz) | ||
| 942 | _cBK | ||
| 999 |
_c195023 _d195023 |
||